| 000 | 00421nam a2200169Ia 4500 | ||
|---|---|---|---|
| 003 | GCL | ||
| 008 | 140319s9999 xx 000 0 eng d | ||
| 040 |
_aGCL / _cGCL |
||
| 082 | 0 | 4 |
_a745.5 _bE B |
| 100 | 1 | _aELISABETH, CERISE | |
| 245 | 1 | 0 |
_aBIJOUX EN PERLES / _cELISABETH, CERISE |
| 260 |
_a[S.N] : _bDESSAIN ET TOLRA ، _c1984 |
||
| 300 | _a48 P | ||
| 650 | 0 | 4 | _aHANDCRAFT |
| 650 | 0 | 4 | _aNEDDLE WORKS |
| 942 |
_2ddc _cBK |
||
| 999 |
_c21991 _d21991 |
||